[Event "World Blitz Women 2025"]
[Site "Doha QAT"]
[Date "2025.12.29"]
[Round "3.69"]
[White "Nordahl, Christine"]
[Black "Lau, Chloe Hailey"]
[Result "1-0"]
[WhiteElo "1835"]
[BlackElo "1562"]
[WhiteFideId "1557939"]
[BlackFideId "6012469"]
[EventDate "2025.12.29"]

1. d4 d5 2. c4 c6 3. Nc3 Nf6 4. e3 Bf5 5. cxd5 cxd5 6. Qb3 Qd7 7. Nf3 Nc6 8. Bb5
e6 9. Ne5 Qc7 10. Qa4 Rc8 11. Qxa7 Bd6 12. Nxc6 bxc6 13. Qxc7 Rxc7 14. Be2 O-O
15. O-O Rb8 16. b3 Bb4 17. Bd2 Ra7 18. Rfc1 Rba8 19. a4 Rb8 20. f3 Rc7 21. a5 c5
22. dxc5 Rxc5 23. a6 Ra8 24. Be1 Rc6 25. Nxd5 Bc5 26. Nxf6+ gxf6 27. Bf2 Rcc8
28. e4 Bxf2+ 29. Kxf2 Rxc1 30. Rxc1 Bg6 31. b4 f5 32. Bd3 fxe4 33. fxe4 f6 34.
b5 Be8 35. b6 1-0

[Event "World Blitz Women 2025"]
[Site "Doha QAT"]
[Date "2025.12.29"]
[Round "3.70"]
[White "Alotaibi, Maitha Abdulrahman A"]
[Black "Rouda Essa, Alserkal"]
[Result "0-1"]
[BlackTitle "WGM"]
[WhiteElo "1600"]
[BlackElo "2052"]
[WhiteFideId "21524009"]
[BlackFideId "9314318"]
[EventDate "2025.12.29"]

1. d4 Nf6 2. c4 e6 3. Nf3 b6 4. Nc3 Bb7 5. e3 Bb4 6. Be2 O-O 7. Bd2 d6 8. O-O
Nbd7 9. a3 Bxc3 10. Bxc3 Ne4 11. Bd3 Nxc3 12. bxc3 e5 13. Nd2 Qe7 14. d5 Nc5 15.
Bc2 f5 16. Re1 Ba6 17. e4 f4 18. f3 Rf6 19. Re2 Rh6 20. h3 Qg5 21. Qe1 Rxh3 22.
Kf2 Qg3+ 23. Kg1 Qg5 24. Kf2 Rg3 25. Qg1 h5 26. Rf1 h4 27. Ke1 b5 28. Rff2 bxc4
29. Bd1 Nd3+ 30. Kf1 h3 31. Qh2 Nxf2 32. Rxf2 hxg2+ 33. Rxg2 Rxg2 34. Qxg2 Qxg2+
35. Kxg2 Rb8 0-1

[Event "World Blitz Women 2025"]
[Site "Doha QAT"]
[Date "2025.12.29"]
[Round "4.1"]
[White "Lagno, Kateryna"]
[Black "Buksa, Nataliya"]
[Result "1-0"]
[WhiteTitle "GM"]
[BlackTitle "IM"]
[WhiteElo "2508"]
[BlackElo "2397"]
[WhiteFideId "14109336"]
[BlackFideId "14123622"]
[EventDate "2025.12.29"]

1. e4 c5 2. Nf3 Nc6 3. d4 cxd4 4. Nxd4 Nf6 5. Nc3 e5 6. Ndb5 d6 7. Bg5 a6 8. Na3
b5 9. Bxf6 gxf6 10. Nd5 f5 11. c3 Be6 12. exf5 Bxf5 13. Qf3 Bg6 14. Nf6+ Ke7 15.
Nd5+ Ke8 16. Bd3 Bg7 17. O-O Rc8 18. Rad1 Qg5 19. Bxg6 hxg6 20. Nb6 Rc7 21. Rxd6
e4 22. Qxe4+ Qe5 23. Re1 Kf8 24. Nd7+ Rxd7 25. Rxd7 Qxh2+ 26. Kf1 Bf6 27. Qxc6
Kg7 28. Rxf7+ Kh6 29. Qxf6 Qh1+ 30. Ke2 Re8+ 31. Re7 Qh5+ 32. Kd2 Qd5+ 33. Kc2 1-0

[Event "World Blitz Women 2025"]
[Site "Doha QAT"]
[Date "2025.12.29"]
[Round "4.2"]
[White "Danielian, Elina"]
[Black "Omonova, Umida"]
[Result "0-1"]
[WhiteTitle "GM"]
[BlackTitle "WIM"]
[WhiteElo "2408"]
[BlackElo "2294"]
[WhiteFideId "13300210"]
[BlackFideId "14210363"]
[EventDate "2025.12.29"]

1. d4 d5 2. Nf3 Nf6 3. c4 e6 4. e3 Be7 5. Nbd2 O-O 6. Bd3 dxc4 7. Bxc4 c5 8.
dxc5 Bxc5 9. O-O a6 10. Qc2 b6 11. b3 Bb7 12. Bb2 Nbd7 13. Rac1 Rc8 14. Qb1 Qe7
15. Rfd1 Ba3 16. h3 h6 17. Be2 Bxb2 18. Qxb2 Rfd8 19. Nc4 Bd5 20. b4 b5 21. Na5
Nb6 22. a3 Ne4 23. Rxc8 Rxc8 24. Qd4 Na4 25. Bd3 Nec3 26. Re1 Bxf3 27. gxf3 e5
28. Qg4 Re8 29. Kh2 e4 30. Bxe4 Nxe4 31. fxe4 Nc3 32. Rg1 g6 33. Qf4 Nxe4 34.
Nc6 Qf6 35. Qxf6 Nxf6 36. Rd1 Ne4 37. Kg2 Kg7 38. Rd7 Re6 39. Ne5 Rxe5 0-1

[Event "World Blitz Women 2025"]
[Site "Doha QAT"]
[Date "2025.12.29"]
[Round "4.3"]
[White "Nurgaliyeva, Zarina"]
[Black "Stefanova, Antoaneta"]
[Result "1-0"]
[WhiteTitle "WIM"]
[BlackTitle "GM"]
[WhiteElo "2305"]
[BlackElo "2391"]
[WhiteFideId "13730096"]
[BlackFideId "2902257"]
[EventDate "2025.12.29"]

1. e4 c6 2. d4 d5 3. e5 c5 4. dxc5 e6 5. a3 Bxc5 6. Qg4 Bf8 7. Bd3 Nc6 8. Nf3
Qc7 9. Qg3 Nge7 10. O-O g6 11. Nc3 a6 12. Re1 Bd7 13. Bf4 Bg7 14. Rad1 Kf8 15.
h4 h5 16. Bg5 Nf5 17. Bxf5 gxf5 18. Bf4 Ne7 19. Nxd5 Nxd5 20. Rxd5 exd5 21. e6
Qc6 22. Bd6+ Kg8 23. exf7+ Kh7 24. Ng5+ Kh6 25. Ne6 Bf6 26. f8=Q+ Raxf8 27. Nxf8
Rxf8 28. Bxf8+ Kh7 29. Be7 Bg7 30. Bd6 Qxc2 31. Re7 Qd1+ 32. Kh2 Qg4 33. Qxg4
hxg4 34. Be5 Bc6 35. Rxg7+ Kh6 36. Rc7 Kg6 37. Kg3 1-0

[Event "World Blitz Women 2025"]
[Site "Doha QAT"]
[Date "2025.12.29"]
[Round "4.4"]
[White "Yip, Carissa"]
[Black "Tarasenka, Aliaksandra"]
[Result "1-0"]
[WhiteTitle "IM"]
[BlackTitle "WIM"]
[WhiteElo "2459"]
[BlackElo "2266"]
[WhiteFideId "2090732"]
[BlackFideId "13514288"]
[EventDate "2025.12.29"]

1. e4 c5 2. Nf3 e6 3. d3 Nc6 4. g3 g6 5. Bg5 Qb6 6. Nbd2 h6 7. Nc4 Qc7 8. Bf4 d6
9. d4 g5 10. Be3 b5 11. d5 bxc4 12. dxc6 Qxc6 13. Bxc4 Ba6 14. Bxa6 Qxa6 15. h4
g4 16. Nd2 Nf6 17. b3 Qc6 18. O-O Bg7 19. Re1 O-O 20. Rc1 Kh7 21. Qe2 a5 22. a4
Rab8 23. Qd3 Kg8 24. Bf4 Rfd8 25. Nc4 Rb4 26. Nxa5 Qa8 27. Nc4 d5 28. Bc7 Re8
29. exd5 Nxd5 30. Be5 f6 31. Bd6 Qc6 32. Qg6 Qd7 33. Rcd1 Qf7 34. Qxf7+ Kxf7 35.
Bxc5 Rxc4 36. bxc4 Nc3 37. Rd7+ Kg6 38. a5 Rc8 39. Bd4 Na2 40. a6 e5 41. Be3 Nb4
42. a7 1-0

[Event "World Blitz Women 2025"]
[Site "Doha QAT"]
[Date "2025.12.29"]
[Round "4.5"]
[White "Muzychuk, Mariya"]
[Black "Ju, Wenjun"]
[Result "1-0"]
[WhiteTitle "GM"]
[BlackTitle "GM"]
[WhiteElo "2475"]
[BlackElo "2565"]
[WhiteFideId "14114550"]
[BlackFideId "8603006"]
[EventDate "2025.12.29"]

1. e4 e6 2. d4 d5 3. Nc3 Nf6 4. Bg5 dxe4 5. Nxe4 Be7 6. Bxf6 gxf6 7. Qd2 f5 8.
Nc3 a6 9. O-O-O Nd7 10. g3 Nf6 11. Bg2 O-O 12. h3 Rb8 13. g4 b5 14. gxf5 exf5
15. Nge2 Kh8 16. Rhg1 b4 17. Na4 Be6 18. Bf3 Rg8 19. Kb1 Qd7 20. b3 Qd6 21. Nc5
Bd5 22. Qd3 Bxf3 23. Qxf3 Nd5 24. Qxf5 a5 25. Qxf7 Bf6 26. Ne4 Qe7 27. Qxd5 Qd8 1-0

[Event "World Blitz Women 2025"]
[Site "Doha QAT"]
[Date "2025.12.29"]
[Round "4.6"]
[White "Goryachkina, Aleksandra"]
[Black "Mungunzul, Bat-Erdene"]
[Result "1-0"]
[WhiteTitle "GM"]
[BlackTitle "WIM"]
[WhiteElo "2534"]
[BlackElo "2350"]
[WhiteFideId "4147103"]
[BlackFideId "4902831"]
[EventDate "2025.12.29"]

1. e4 e5 2. Nf3 Nc6 3. Bb5 Nge7 4. Nc3 Ng6 5. d4 exd4 6. Nxd4 Nxd4 7. Qxd4 c6 8.
Be2 Qb6 9. Qd3 Be7 10. O-O O-O 11. a4 d6 12. a5 Qc7 13. Be3 f5 14. Qc4+ Kh8 15.
Nd5 Qd8 16. Nxe7 Qxe7 17. exf5 Bxf5 18. c3 a6 19. Rfe1 d5 20. Qc5 Qf7 21. Bf1
Rae8 22. Bd2 Nh4 23. Rxe8 Rxe8 24. Re1 Rxe1 25. Bxe1 h6 26. f3 Ng6 27. Bg3 Kh7
28. h3 Nf8 29. Qd6 Ng6 30. Kh2 Qe7 31. Qxe7 Nxe7 32. Bd6 Nc8 33. Bc5 Kg6 34. g4
Bc2 35. f4 Kf7 36. Kg3 Ne7 37. Kf3 Ng6 38. Ke3 Nf8 39. Bxf8 Kxf8 40. Kd4 Ke7 41.
Kc5 Kd7 42. Kb6 Kc8 43. h4 Bd1 44. g5 hxg5 45. hxg5 Bc2 46. Bh3+ Kb8 47. f5 Bd3
48. f6 gxf6 49. gxf6 1-0

[Event "World Blitz Women 2025"]
[Site "Doha QAT"]
[Date "2025.12.29"]
[Round "4.7"]
[White "Kosteniuk, Alexandra"]
[Black "Berend, Elvira"]
[Result "0-1"]
[WhiteTitle "GM"]
[BlackTitle "WGM"]
[WhiteElo "2483"]
[BlackElo "2265"]
[WhiteFideId "4128125"]
[BlackFideId "4000510"]
[EventDate "2025.12.29"]

1. e4 c5 2. d4 cxd4 3. Qxd4 Nc6 4. Qd3 g6 5. Nc3 Bg7 6. Nf3 d6 7. Be2 Nf6 8. Nd5
O-O 9. O-O Bg4 10. c3 Bxf3 11. Qxf3 Ne5 12. Qe3 Nxd5 13. exd5 a6 14. a4 Rc8 15.
Qe4 Qc7 16. Rd1 Rfe8 17. h4 e6 18. h5 Nd7 19. dxe6 Rxe6 20. Qf3 Rce8 21. Be3 Ne5
22. Qd5 Nd7 23. Bf3 Ne5 24. Qxb7 Nxf3+ 25. Qxf3 gxh5 26. Qxh5 Qb7 27. Rd2 Rg6
28. Qd5 Qe7 29. Qc4 Be5 30. Rad1 a5 31. Qb5 Ra8 32. Qd5 Rb8 33. Qc4 Qb7 34. Qd5
Qe7 35. Kf1 Qh4 36. Ke2 Qg4+ 37. Kf1 Qxa4 38. Bd4 Re8 39. Bxe5 Rxe5 40. Qd4 Qb5+
41. c4 Qc6 42. f3 Rh5 43. b3 Rh1+ 44. Kf2 Rh2 45. Rg1 Qb7 46. Qe3 Rh5 47. Rd4
Re5 48. Qd3 Qb6 49. Rd1 Reg5 50. g4 Rf6 51. Qe3 Rgg6 52. Re4 Qb4 53. Re8+ Kg7
54. Kg3 a4 55. bxa4 Qxa4 56. Qd4 Qxe8 57. f4 h6 58. Kf3 Qc6+ 59. Kg3 Kh7 60. f5
Rxf5 61. Rd3 Rfg5 62. Qf2 Rxg4+ 63. Kh3 Qh1+ 0-1

[Event "World Blitz Women 2025"]
[Site "Doha QAT"]
[Date "2025.12.29"]
[Round "4.8"]
[White "Shuvalova, Polina"]
[Black "Ismayil, Malak"]
[Result "1-0"]
[WhiteTitle "IM"]
[BlackTitle "WIM"]
[WhiteElo "2502"]
[BlackElo "2138"]
[WhiteFideId "24171760"]
[BlackFideId "13412604"]
[EventDate "2025.12.29"]

1. e4 e5 2. Nf3 Nc6 3. Bc4 Bc5 4. d3 Nf6 5. O-O O-O 6. Re1 h6 7. c3 d6 8. h3 Kh8
9. b4 Bb6 10. a4 a6 11. Bb3 Nh7 12. Nbd2 f5 13. Nc4 Ba7 14. exf5 Bxf5 15. Be3
Qf6 16. Bxa7 Nxa7 17. Re3 Nc6 18. Ncd2 Ne7 19. Ne4 Bxe4 20. dxe4 Ng6 21. Qd2 Nf4
22. Kh2 Rad8 23. Rg1 Qe7 24. a5 Ng6 25. Bd5 c6 26. Bb3 Rf6 27. Ne1 Nf4 28. Nd3
g5 29. g3 Ng6 30. Bd1 Nhf8 31. Bg4 Ne6 32. Rd1 Ng7 33. Qe2 1-0

[Event "World Blitz Women 2025"]
[Site "Doha QAT"]
[Date "2025.12.29"]
[Round "4.9"]
[White "Shukhman, Anna"]
[Black "Muzychuk, Anna"]
[Result "1-0"]
[WhiteTitle "WGM"]
[BlackTitle "GM"]
[WhiteElo "2431"]
[BlackElo "2518"]
[WhiteFideId "54180058"]
[BlackFideId "14111330"]
[EventDate "2025.12.29"]

1. e4 e5 2. Nc3 Nc6 3. Bc4 Nf6 4. d3 Bc5 5. f4 d6 6. Nf3 a6 7. f5 h6 8. a4 Bd7
9. Qe2 Qe7 10. Nd5 Nxd5 11. Bxd5 O-O-O 12. c3 g6 13. b4 Bb6 14. fxg6 fxg6 15.
Be3 Bxe3 16. Qxe3 Nb8 17. b5 Be6 18. bxa6 Nxa6 19. c4 Nc5 20. O-O c6 21. Bxe6+
Qxe6 22. Rfb1 Rdf8 23. a5 Rf7 24. a6 Nxa6 25. Rxa6 bxa6 26. Qb6 Kd7 27. Qa7+ 1-0

[Event "World Blitz Women 2025"]
[Site "Doha QAT"]
[Date "2025.12.29"]
[Round "4.10"]
[White "Bivol, Alina"]
[Black "Divya, Deshmukh"]
[Result "0-1"]
[WhiteTitle "IM"]
[BlackTitle "GM"]
[WhiteElo "2360"]
[BlackElo "2497"]
[WhiteFideId "4100123"]
[BlackFideId "35006916"]
[EventDate "2025.12.29"]

1. e4 g6 2. d4 Bg7 3. Nc3 d6 4. Bc4 Nf6 5. Nf3 O-O 6. Qe2 c6 7. e5 dxe5 8. dxe5
Nd5 9. Bd2 Bg4 10. O-O-O e6 11. h3 Bxf3 12. gxf3 Nd7 13. f4 b5 14. Bxd5 cxd5 15.
Nxb5 Rb8 16. Nc3 Nb6 17. b3 Qe7 18. Qa6 Rfc8 19. h4 Qc5 20. h5 d4 21. hxg6 hxg6
22. Rh3 dxc3 23. Be3 Qe7 24. Rdh1 Nd5 25. Kd1 Nxe3+ 26. fxe3 Qd7+ 27. Ke2 Qd2+
28. Kf3 Qd5+ 29. e4 Qb5 30. Qxa7 Rb7 31. Qf2 Kf8 32. Rh7 Rd7 33. Qh4 Rd3+ 34.
cxd3 Qxd3+ 35. Kg4 Qe2+ 36. Kg3 Qd3+ 37. Kg4 Qe2+ 38. Kg3 c2 39. Rxg7 Rc3# 0-1

[Event "World Blitz Women 2025"]
[Site "Doha QAT"]
[Date "2025.12.29"]
[Round "4.11"]
[White "Tan, Zhongyi"]
[Black "Khamdamova, Afruza"]
[Result "1-0"]
[WhiteTitle "GM"]
[BlackTitle "WGM"]
[WhiteElo "2524"]
[BlackElo "2403"]
[WhiteFideId "8603642"]
[BlackFideId "14210444"]
[EventDate "2025.12.29"]

1. d4 d5 2. c4 e6 3. Nc3 Nf6 4. cxd5 exd5 5. Bg5 c6 6. e3 h6 7. Bh4 Be7 8. Bd3
O-O 9. Qc2 Re8 10. Nf3 Ne4 11. Bxe7 Qxe7 12. Bxe4 dxe4 13. Nd2 Bf5 14. O-O-O Nd7
15. f4 b5 16. Kb1 a5 17. Rhg1 Nf6 18. h3 b4 19. Na4 Nd5 20. Nc4 Rab8 21. Qb3 Be6
22. Rc1 Nb6 23. Naxb6 Rxb6 24. Qa4 Ra6 25. Ne5 Qb7 26. Rc5 Bd5 27. Rgc1 Re6 28.
Rxa5 Rxa5 29. Qxa5 Re8 30. Qc5 Qa6 31. b3 Ra8 32. Qc2 f6 33. Nc4 Kh8 34. Qd2 Qb5
35. Rc2 Rd8 36. g4 Qb8 37. Nb2 Qb5 38. Qe2 Qa5 39. Na4 Qc7 40. Rc5 Qf7 41. Nb6
Bxb3 42. axb3 Qxb3+ 43. Kc1 Qa3+ 44. Kd1 b3 45. Rc1 b2 46. Rb1 Qb3+ 47. Ke1 Qxb6
48. Rxb2 Qa5+ 49. Kf2 c5 50. Rb5 Qa1 51. Rxc5 Qh1 52. Qd2 Qxh3 53. Qe2 Ra8 54.
Rf5 Qf3+ 1-0

[Event "World Blitz Women 2025"]
[Site "Doha QAT"]
[Date "2025.12.29"]
[Round "4.12"]
[White "Koneru, Humpy"]
[Black "Padmini, Rout"]
[Result "1-0"]
[WhiteTitle "GM"]
[BlackTitle "IM"]
[WhiteElo "2535"]
[BlackElo "2354"]
[WhiteFideId "5008123"]
[BlackFideId "5029295"]
[EventDate "2025.12.29"]

1. Nf3 c5 2. b3 d5 3. e3 Nf6 4. Bb2 Nbd7 5. c4 e6 6. Be2 Bd6 7. cxd5 exd5 8. O-O
O-O 9. d4 b6 10. Nc3 Bb7 11. Rc1 a6 12. Rc2 Qe7 13. Qa1 Ne4 14. dxc5 bxc5 15.
Rd1 Nxc3 16. Bxc3 f6 17. Rcd2 Ne5 18. Ne1 f5 19. Nf3 Ng6 20. g3 Rfd8 21. Ba5 Re8
22. Bc3 Bc7 23. Qb2 Rad8 24. b4 cxb4 25. Bxb4 Qe6 26. Bc3 Qb6 27. Bxg7 Qxb2 28.
Bxb2 Ba5 29. Rc2 Rc8 30. Rdc1 Rxc2 31. Rxc2 Re7 32. Nd4 Rf7 33. Bd3 Ne7 34. Nb3
Bb6 35. Bd4 Bxd4 36. Nxd4 h5 37. Rc7 1-0

[Event "World Blitz Women 2025"]
[Site "Doha QAT"]
[Date "2025.12.29"]
[Round "4.13"]
[White "Rakshitta, Ravi"]
[Black "Assaubayeva, Bibisara"]
[Result "0-1"]
[WhiteTitle "WGM"]
[BlackTitle "GM"]
[WhiteElo "2381"]
[BlackElo "2497"]
[WhiteFideId "25073230"]
[BlackFideId "13708694"]
[EventDate "2025.12.29"]

1. e4 c5 2. Nf3 d6 3. Nc3 Nf6 4. e5 dxe5 5. Nxe5 a6 6. g3 Qc7 7. d4 e6 8. Be3
Be7 9. Bg2 O-O 10. Qe2 Rd8 11. O-O-O Nbd7 12. g4 Nxe5 13. dxe5 Qxe5 14. Rxd8+
Bxd8 15. f4 Qc7 16. g5 Ne8 17. h4 Bd7 18. h5 Bc6 19. g6 h6 20. gxf7+ Qxf7 21.
Bxc6 bxc6 22. Rg1 Nd6 23. Bxc5 Nf5 24. Ne4 Rb8 25. Qc4 Bc7 26. Kb1 Bxf4 27. Rg6
Be5 28. c3 Re8 29. Qxa6 Nh4 30. Rg1 Nf3 31. Rd1 Qxh5 32. Qxc6 Nd4 33. Rxd4 Bxd4
34. Bxd4 Qd1# 0-1

[Event "World Blitz Women 2025"]
[Site "Doha QAT"]
[Date "2025.12.29"]
[Round "4.14"]
[White "Mamedjarova, Turkan"]
[Black "Zhu, Jiner"]
[Result "0-1"]
[WhiteTitle "WGM"]
[BlackTitle "GM"]
[WhiteElo "2216"]
[BlackElo "2579"]
[WhiteFideId "13402005"]
[BlackFideId "8608059"]
[EventDate "2025.12.29"]

1. d4 Nf6 2. Nf3 d5 3. c4 e6 4. Nc3 Bb4 5. e3 O-O 6. Bd3 dxc4 7. Bxc4 c5 8. O-O
Nc6 9. a3 Ba5 10. h3 h6 11. d5 exd5 12. Nxd5 Be6 13. Nxf6+ Qxf6 14. Bxe6 Qxe6
15. Qc2 c4 16. Bd2 Bxd2 17. Nxd2 b5 18. Rfd1 Rac8 19. a4 a6 20. Qc3 Ne5 21. axb5
axb5 22. Ra5 Qb6 23. Rda1 Nd3 24. Nf3 b4 25. Qc2 Qf6 26. b3 Qc3 27. Qe2 cxb3 28.
Rd1 b2 29. Rd5 Nc1 0-1

[Event "World Blitz Women 2025"]
[Site "Doha QAT"]
[Date "2025.12.29"]
[Round "4.15"]
[White "Garifullina, Leya"]
[Black "Badelka, Olga"]
[Result "1-0"]
[WhiteTitle "IM"]
[BlackTitle "IM"]
[WhiteElo "2454"]
[BlackElo "2395"]
[WhiteFideId "34127035"]
[BlackFideId "13509926"]
[EventDate "2025.12.29"]

1. e4 d6 2. d4 Nf6 3. Nc3 g6 4. Be3 Bg7 5. h3 a6 6. a4 O-O 7. g4 c5 8. d5 e6 9.
g5 Ne8 10. Qd2 Nc7 11. Bg2 exd5 12. exd5 Nd7 13. Nge2 Ne5 14. b3 Rb8 15. f4 Nd7
16. O-O b5 17. axb5 Nxb5 18. Rae1 Re8 19. Ne4 f5 20. N4g3 Qb6 21. Bf2 Bb7 22.
Rd1 a5 23. h4 Re7 24. h5 Rbe8 25. h6 Bh8 26. c4 Nc7 27. Rb1 Na6 28. Rfd1 Nb4 29.
Nc3 Ba6 30. Re1 Qd8 31. Rxe7 Rxe7 32. Re1 Qe8 33. Rxe7 Qxe7 34. Na4 Qe8 35. Ne2
Qe7 36. Nec3 Kf7 37. Nb5 Nb8 38. Nac3 Nd7 39. Nc7 Bc8 40. N3b5 Nb6 41. Qd1 a4
42. bxa4 Nxc4 43. Bf1 Na5 44. Bg2 Na6 45. Ne6 Nb4 46. Nbc7 c4 47. Be1 c3 48. Qc1
Nb3 49. Qe3 c2 50. Bxb4 c1=Q+ 51. Qxc1 Nxc1 52. a5 Ne2+ 53. Kf2 Nd4 54. a6 Nxe6
55. dxe6+ Kg8 56. a7 Bd4+ 57. Kg3 Bxa7 58. Nd5 Qf8 59. e7 Qf7 60. Nf6+ Kh8 1-0

[Event "World Blitz Women 2025"]
[Site "Doha QAT"]
[Date "2025.12.29"]
[Round "4.16"]
[White "Dzagnidze, Nana"]
[Black "Savitha, Shri B"]
[Result "0-1"]
[WhiteTitle "GM"]
[BlackTitle "IM"]
[WhiteElo "2469"]
[BlackElo "2334"]
[WhiteFideId "13601903"]
[BlackFideId "35061887"]
[EventDate "2025.12.29"]

1. d4 d5 2. c4 e6 3. Nc3 Nf6 4. cxd5 exd5 5. Bg5 Be7 6. e3 O-O 7. Bd3 h6 8. Bh4
Re8 9. Nge2 b6 10. O-O Bb7 11. Qc2 Nbd7 12. Rad1 c5 13. dxc5 bxc5 14. Bf5 Qc7
15. Bg3 Qc6 16. Qa4 Qxa4 17. Nxa4 g6 18. Bxd7 Nxd7 19. Rc1 Rac8 20. Rfd1 Nb6 21.
Nac3 a6 22. b3 Red8 23. Be5 h5 24. h3 Rd7 25. Kf1 Rcd8 26. Rc2 f6 27. Bf4 d4 28.
exd4 cxd4 29. Nxd4 Rxd4 30. Rxd4 Rxd4 31. Be3 Rd6 32. Bc5 Re6 33. Bd4 a5 34. f3
Nd5 35. Nxd5 Bxd5 36. Kf2 Kf7 37. Rd2 Bb4 38. Rd3 Rc6 39. Bxf6 Rc2+ 40. Kg3 Ke6 0-1

[Event "World Blitz Women 2025"]
[Site "Doha QAT"]
[Date "2025.12.29"]
[Round "4.17"]
[White "Priyanka, Nutakki"]
[Black "Roebers, Eline"]
[Result "1/2-1/2"]
[WhiteTitle "WGM"]
[BlackTitle "IM"]
[WhiteElo "2292"]
[BlackElo "2396"]
[WhiteFideId "25049615"]
[BlackFideId "1058401"]
[EventDate "2025.12.29"]

1. d4 f5 2. Nf3 Nf6 3. g3 g6 4. Bg2 Bg7 5. O-O O-O 6. Nc3 d6 7. Re1 d5 8. Bf4 h6
9. a4 a5 10. Qd3 g5 11. Be5 b6 12. Bxf6 exf6 13. Nxd5 Qxd5 14. Nd2 Qd7 15. Bxa8
c6 16. d5 c5 17. d6 Ba6 18. Bd5+ Kh8 19. Bc4 Bb7 20. f3 Nc6 21. Bb5 Qe6 22. e4
f4 23. Qd5 Qxd5 24. exd5 Ne5 25. Rxe5 fxe5 26. c4 Rd8 27. Ne4 Bf8 28. Re1 Kg7
29. h4 fxg3 30. hxg5 hxg5 31. Nxg5 Rxd6 32. Ne6+ Kf7 33. Kg2 Bh6 34. Rxe5 Bc8
35. Rf5+ Kg6 36. Re5 Kf6 37. Rh5 Kg6 38. Rh1 Bxe6 39. dxe6 Rxe6 40. Kxg3 Bg7 41.
b3 Bd4 42. Rf1 Re3 43. Kg4 Rxb3 44. Re1 Re3 45. Rxe3 Bxe3 46. f4 Kf6 47. Kf3 Bd2
48. Ke4 Bc3 49. Kd5 Kf5 50. Kc6 Kxf4 51. Kxb6 Bb4 52. Kc6 Ke3 1/2-1/2

[Event "World Blitz Women 2025"]
[Site "Doha QAT"]
[Date "2025.12.29"]
[Round "4.18"]
[White "Song, Yuxin"]
[Black "Jiang, Tianyu"]
[Result "0-1"]
[WhiteTitle "IM"]
[WhiteElo "2454"]
[BlackElo "2224"]
[WhiteFideId "8614300"]
[BlackFideId "8627215"]
[EventDate "2025.12.29"]

1. Nf3 Nf6 2. g3 d5 3. Bg2 e6 4. O-O Be7 5. d4 O-O 6. Bf4 c5 7. dxc5 Bxc5 8. c4
Nc6 9. Nc3 dxc4 10. Qa4 Qe7 11. Bg5 h6 12. Bh4 Nd4 13. Qxc4 Nxf3+ 14. Bxf3 g5
15. Rac1 gxh4 16. Qxh4 Kg7 17. Rfd1 e5 18. Na4 Bd6 19. Rc3 Bf5 20. Rb3 Rab8 21.
Nc3 Bc2 22. Rxd6 Qxd6 23. Rb4 e4 24. Nxe4 Bxe4 25. Rxe4 Nxe4 26. Bxe4 Qf6 27.
Qg4+ Kh8 28. Kg2 b6 29. b3 Rbd8 30. Qh5 Rd4 31. Bf3 Qg5 32. Qh3 Rd2 33. a4 Re8
34. g4 Rdxe2 35. Bxe2 Rxe2 36. Qf3 Qe7 37. Qc3+ Qe5 38. Qc8+ Kg7 39. Qd7 Qf4 0-1

[Event "World Blitz Women 2025"]
[Site "Doha QAT"]
[Date "2025.12.29"]
[Round "4.19"]
[White "Arabidze, Meri"]
[Black "Gong, Qianyun"]
[Result "1/2-1/2"]
[WhiteTitle "IM"]
[BlackTitle "WGM"]
[WhiteElo "2413"]
[BlackElo "2228"]
[WhiteFideId "13604040"]
[BlackFideId "8602425"]
[EventDate "2025.12.29"]

1. c4 Nf6 2. Nf3 g6 3. b3 Bg7 4. Bb2 d6 5. g3 Nbd7 6. Bg2 O-O 7. O-O c6 8. d4
Qc7 9. Nc3 Re8 10. e4 e5 11. d5 Nc5 12. Re1 a5 13. a3 Bg4 14. b4 axb4 15. axb4
Rxa1 16. Bxa1 Na6 17. Qa4 c5 18. Nb5 Qd7 19. Bc3 h5 20. Qb3 Bh6 21. h3 Bxf3 22.
Bxf3 Rc8 23. Bg2 Ne8 24. Ra1 Bf8 25. Kh2 Nf6 26. Kg1 h4 27. Kh2 Nh5 28. Bd2 Qe7
29. bxc5 Nxc5 30. Qe3 hxg3+ 31. fxg3 Bg7 32. Qf3 Nf6 33. Qe2 1/2-1/2

[Event "World Blitz Women 2025"]
[Site "Doha QAT"]
[Date "2025.12.29"]
[Round "4.20"]
[White "Rudzinska, Michalina"]
[Black "Khademalsharieh, Sarasadat"]
[Result "1-0"]
[WhiteTitle "WGM"]
[BlackTitle "IM"]
[WhiteElo "2206"]
[BlackElo "2414"]
[WhiteFideId "1172883"]
[BlackFideId "12512214"]
[EventDate "2025.12.29"]

1. e4 e5 2. Nf3 Nc6 3. d4 exd4 4. Nxd4 Nf6 5. Nxc6 bxc6 6. Nd2 Bc5 7. Nb3 Bb6 8.
e5 Qe7 9. Qe2 Nd5 10. c4 Nb4 11. a3 Na6 12. Bd2 d6 13. exd6 cxd6 14. Bc3 Qxe2+
15. Bxe2 f6 16. Bh5+ Kd7 17. O-O Kc7 18. Rfe1 g6 19. Re7+ Kb8 20. Bf3 Bd8 21.
Re2 Bd7 22. Rd1 Kc7 23. Ba5+ Kb7 24. Rxd6 Kc8 25. Red2 Bxa5 26. Nxa5 Nb8 27.
Rxf6 Kc7 28. Rf7 Kb6 29. b4 c5 30. Bxa8 1-0

[Event "World Blitz Women 2025"]
[Site "Doha QAT"]
[Date "2025.12.29"]
[Round "4.21"]
[White "Salimova, Nurgyul"]
[Black "Yakimova, Mariya"]
[Result "0-1"]
[WhiteTitle "IM"]
[BlackTitle "WFM"]
[WhiteElo "2396"]
[BlackElo "2241"]
[WhiteFideId "2915138"]
[BlackFideId "34188859"]
[EventDate "2025.12.29"]

1. d4 d5 2. Nf3 Nf6 3. c4 e6 4. g3 Nbd7 5. Bg2 dxc4 6. O-O c6 7. a4 a5 8. Na3
Bxa3 9. Rxa3 O-O 10. b3 cxb3 11. Rxb3 Re8 12. Ba3 b6 13. Qc2 Ba6 14. Rfb1 Rc8
15. Ne5 Nxe5 16. dxe5 Nd5 17. Bd6 b5 18. Be4 h6 19. Rf3 Qd7 20. h4 b4 21. Re1 f5
22. exf6 Nxf6 23. Be5 Nxe4 24. Qxe4 Qd5 25. Qe3 Rf8 26. Ba1 c5 27. Kh2 Bb7 28.
Rc1 Rxf3 29. exf3 Qxf3 30. Qxe6+ Kh7 31. Kh3 0-1

[Event "World Blitz Women 2025"]
[Site "Doha QAT"]
[Date "2025.12.29"]
[Round "4.22"]
[White "Zhapova, Yana"]
[Black "Vantika, Agrawal"]
[Result "1-0"]
[WhiteTitle "FM"]
[BlackTitle "IM"]
[WhiteElo "2260"]
[BlackElo "2369"]
[WhiteFideId "24278670"]
[BlackFideId "25050389"]
[EventDate "2025.12.29"]

1. e4 e6 2. d4 d5 3. e5 c5 4. c3 Nc6 5. Nf3 Qb6 6. a3 Nh6 7. Bd3 cxd4 8. O-O Bd7
9. b4 Rc8 10. Bb2 Be7 11. cxd4 Na5 12. Nc3 Nc4 13. Bc1 O-O 14. h3 f6 15. exf6
Bxf6 16. Qc2 Nf5 17. Bxf5 exf5 18. Nxd5 Qd6 19. Nxf6+ Qxf6 20. Bg5 Qf7 21. Qd3
Bc6 22. Rfe1 Bd5 23. Ne5 Nxe5 24. dxe5 Be4 25. Qe3 h6 26. Bf4 Rc2 27. Rac1 Rfc8
28. Rxc2 Rxc2 29. Qd4 Qg6 30. Bg3 h5 31. h4 Bc6 32. e6 Qe8 33. e7 Kh7 34. Qe5 g6
35. Qf6 Rd2 36. Be5 Qg8 37. Bd4 Be8 38. Rc1 Bf7 39. Rc8 Rd1+ 40. Kh2 Be8 41.
Rxe8 1-0